| 000 | 00718nam a2200253 a 4500 | ||
|---|---|---|---|
| 001 | BRCA_8701 | ||
| 003 | FranzMayer | ||
| 005 | 20230724144057.0 | ||
| 008 | 240117s1750----sp-#######---#000-0#spa-# | ||
| 040 | _cMFM | ||
| 041 | _aspa | ||
| 050 | 4 |
_aBE44 _bP54 1750 |
|
| 100 | 1 |
_aN/A _921678 |
|
| 245 | 1 | 0 |
_aApología _bal método de estudiar _c1750 |
| 300 |
_a[2] 621 p. (t.5) _c20 x 15 cm. |
||
| 500 | _aSin portada | ||
| 500 | _aEstado físico: con cintas rotas | ||
| 650 | 1 | 4 |
_aEducación _yObras anteriores a 1800 _921679 |
| 700 | 1 |
_aPiedad, Arsenio de la _cP. Fr. _921680 |
|
| 700 | 1 |
_aLacerda, Aletofilo Cándido de _921681 |
|
| 700 | 1 |
_aLisboense, Apolonio Filomuso _921682 |
|
| 902 | _aCFM | ||
| 942 |
_2lcc _cB |
||
| 999 |
_c8354 _d8354 |
||